[Event "Titled Tuesday intern op 26th Oct"]
[Site "Chess.com INT"]
[Date "2021.10.26"]
[Round "9"]
[White "Markin, Dmitry"]
[Black "Vivas Zamora, Fabian Ernesto"]
[Result "0-1"]
[WhiteElo "2401"]
[BlackElo "2344"]
[PlyCount "106"]
[EventDate "2021.10.26"]
[EventType "swiss (blitz)"]
[EventRounds "11"]
[EventCountry "USA"]
[SourceTitle "CBM 204 Extra"]
[Source "ChessBase"]
[SourceDate "2021.11.30"]
[SourceVersion "1"]
[SourceVersionDate "2021.11.30"]
[SourceQuality "1"]

1. e4 e5 2. Nf3 Nc6 3. d4 exd4 4. Nxd4 Nf6 5. Nxc6 bxc6 6. e5 Qe7 7. Qe2 Nd5 8. c4 Ba6 9. b3 g6 10. Bb2 Bg7 11. g3 0-0 12. Bg2 Rae8 13. 0-0 Bxe5 14. Bxe5 Qxe5 15. Qxe5 Rxe5 16. cxd5 Bxf1 17. Kxf1 cxd5 18. Nc3 c6 19. Rc1 Rb8 20. Na4 Kf8 21. Nc5 Ke8 22. h4 Re7 23. Bf3 h5 24. Rd1 Kd8 25. Rd4 Kc7 26. Ra4 Ra8 27. Rb4 a5 28. Rb7+ Kd6 29. Na4 Ree8 30. Nb6 Rab8 31. Rxb8 Rxb8 32. Na4 Re8 33. Be2 c5 34. Ke1 c4 35. bxc4 dxc4 36. Kd2 Kd5 37. Nb6+ Kd4 38. Bxc4 Rb8 39. Nxd7 Rb7 40. Bxf7 Rxd7 41. Bxg6 Rb7 42. Kc2 a4 43. Bxh5 a3 44. Bg4 Rb2+ 45. Kc1 Rxa2 46. Be6 Rxf2 47. Kb1 Kc3 48. g4 Rh2 49. h5 Kd4 50. Bf7 Ke5 51. g5 Kf5 52. g6 Kf6 53. Ka1 Rxh5 0-1

[Event "World Corporate East F"]
[Site "Chess.com INT"]
[Date "2021.02.19"]
[Round "1.11"]
[White "De Oliveira, Bernardo Lino"]
[Black "Markin, Dmitry"]
[Result "0-1"]
[WhiteElo "2100"]
[BlackElo "2401"]
[PlyCount "148"]
[EventDate "2021.02.19"]
[EventType "team (rapid)"]
[EventRounds "7"]
[EventCountry "USA"]
[SourceTitle "EXT 2022"]
[Source "ChessBase"]
[SourceDate "2021.10.06"]
[SourceVersion "1"]
[SourceVersionDate "2021.10.06"]
[SourceQuality "1"]
[WhiteTeam "Expert Analytics"]
[BlackTeam "Epam Ukraine"]
[WhiteTeamCountry "NOR"]
[BlackTeamCountry "UKR"]

1. e4 e6 2. d4 d5 3. Nc3 Bb4 4. e5 c5 5. a3 Bxc3+ 6. bxc3 Qc7 7. Nf3 b6 8. Be2 Ba6 9. 0-0 Ne7 10. Bxa6 Nxa6 11. Qe2 Nb8 12. Be3 Nf5 13. Qb5+ Nd7 14. Rab1 Nxe3 15. fxe3 a6 16. Qe2 0-0 17. e4 dxe4 18. Qxe4 cxd4 19. cxd4 h6 20. Rfc1 Qc4 21. Rb4 Qc3 22. Rb3 Qc4 23. Rb4 Qd5 24. Qe2 b5 25. c4 bxc4 26. Qxc4 Qe4 27. Re1 Qf4 28. Rb7 Rfc8 29. Rc7 Rd8 30. Qc6 Nf8 31. a4 a5 32. Qc3 Ng6 33. Rc5 Nh4 34. Nxh4 Qxh4 35. Rxa5 Rxa5 36. Qxa5 Rxd4 37. Rf1 Rxa4 38. Qc7 Rf4 39. Qc8+ Kh7 40. Qc2+ g6 41. Qc7 Rxf1+ 42. Kxf1 Qf4+ 43. Kg1 Qd4+ 44. Kf1 Qd1+ 45. Kf2 Qd2+ 46. Kf1 Qd3+ 47. Kf2 Qf5+ 48. Kg1 h5 49. h3 h4 50. Kh2 Qf4+ 51. Kg1 Kg7 52. Qb8 Qe3+ 53. Kh2 Qe1 54. Qb2 g5 55. Qd4 Qe2 56. Qc3 g4 57. hxg4 Qxg4 58. Qc7 Qf4+ 59. Kg1 Kg6 60. Qb8 Kf5 61. Qh8 Ke4 62. Qh5 Kd5 63. Qh8 Qxe5 64. Qxh4 f5 65. Qd8+ Ke4 66. Qa8+ Qd5 67. Qh8 Qd4+ 68. Qxd4+ Kxd4 69. Kf2 Ke4 70. Ke2 Kf4 71. Kf2 e5 72. g3+ Kg4 73. Kg2 e4 74. Kf2 Kh3 0-1

[Event "Borisoglebsk-ch"]
[Site "Borisoglebsk"]
[Date "2012.06.22"]
[Round "1"]
[White "Markin, Dmitry"]
[Black "Lebedev, Alexander"]
[Result "1-0"]
[WhiteElo "2401"]
[BlackElo "1961"]
[PlyCount "49"]
[EventDate "2012.06.22"]
[EventType "swiss"]
[EventRounds "7"]
[EventCountry "RUS"]
[SourceTitle "EXT 2013"]
[Source "ChessBase"]
[SourceDate "2012.11.22"]
[SourceVersion "1"]
[SourceVersionDate "2012.11.22"]
[SourceQuality "1"]

1. e4 c5 2. Nc3 e6 3. f4 a6 4. a4 b6 5. Nf3 Bb7 6. d3 d6 7. g3 Be7 8. Bg2 Nf6 9. 0-0 Nbd7 10. Bd2 0-0 11. h3 b5 12. axb5 axb5 13. Nxb5 c4 14. Be3 Nh5 15. g4 Ng3 16. Rf2 h5 17. Kh2 h4 18. g5 f6 19. Nxh4 fxg5 20. Ng6 Rxa1 21. Qxa1 gxf4 22. Nxf4 e5 23. Ne6 Rf7 24. Nxd8 Nf1+ 25. Kg1 1-0

[Event "Pardubice Czech op-A"]
[Site "Pardubice"]
[Date "2009.07.26"]
[Round "3"]
[White "Bente, Bjoern"]
[Black "Markin, Dmitry"]
[Result "0-1"]
[WhiteElo "2252"]
[BlackElo "2405"]
[PlyCount "68"]
[EventDate "2009.07.24"]
[EventType "swiss"]
[EventRounds "9"]
[EventCountry "CZE"]
[SourceTitle "CBM 131 Extra"]
[Source "ChessBase"]
[SourceDate "2009.09.03"]
[SourceVersion "2"]
[SourceVersionDate "2009.09.16"]
[SourceQuality "1"]

1. d4 Nf6 2. c4 g6 3. Nc3 Bg7 4. e4 d6 5. f4 0-0 6. Nf3 c5 7. d5 e6 8. Be2 exd5 9. cxd5 Re8 10. e5 dxe5 11. fxe5 Ng4 12. e6 fxe6 13. d6 Bd7 14. 0-0 Nc6 15. Ne4 Qb6 16. Kh1 Rf8 17. Bg5 Nf6 18. Ned2 h6 19. Nc4 Qd8 20. Be3 b6 21. Qd3 Be8 22. Nh4 b5 23. Na3 c4 24. Qb1 Nd5 25. Rxf8+ Bxf8 26. Bf2 Qf6 27. Nf3 a6 28. Bg3 Rd8 29. Qe4 Bxd6 30. Rf1 Bxg3 31. hxg3 Qf5 32. Qh4 Ne3 33. Nd4 Rxd4 34. g4 Rxg4 0-1